000 00643nam a2200241Ia 4500
003 OSt
005 20220918231444.0
006 a|||||r|||| 00| 0
007 ta
008 220917b |||||||| |||| 00| 0 eng d
024 _a286,163
037 _cTextual
040 _aARTS
_cARTS
_beng
041 _2eng
_aeng
082 _aP:795, D7
100 _aTytler Alexander Fraser
245 0 _aEssay on the principles of translation
260 _aLondon
_bJ. M . Dent & Sons Ltd. UK
_c1907
300 _a239p.
_ccm.
650 _aLINGUISTICS
942 _hP:795, D7
_cTEXL
_2CC
999 _c291266
_d291266